Principles Of Materials Science And Engineering (Record no. 2598)

MARC details
000 -LEADER
fixed length control field 00615nam a2200217Ia 4500
008 - FIXED-LENGTH DATA ELEMENTS--GENERAL INFORMATION
fixed length control field 130729s9999 xx 000 0 und d
020 ## - INTERNATIONAL STANDARD BOOK NUMBER
International Standard Book Number 0070591695
072 ## - SUBJECT CATEGORY CODE
Subject category code Compound Semiconductors,Fracture Toughness,Example Problems Involving Numerical Calculations
082 ## - DEWEY DECIMAL CLASSIFICATION NUMBER
Classification number 620.1
082 ## - DEWEY DECIMAL CLASSIFICATION NUMBER
Item number Sm684
100 ## - MAIN ENTRY--PERSONAL NAME
Personal name Smith,William F.
245 ## - TITLE STATEMENT
Title Principles Of Materials Science And Engineering
245 ## - TITLE STATEMENT
Statement of responsibility, etc Smith,William F.
250 ## - EDITION STATEMENT
Edition statement second
260 ## - PUBLICATION, DISTRIBUTION, ETC. (IMPRINT)
Place of publication, distribution, etc New York
260 ## - PUBLICATION, DISTRIBUTION, ETC. (IMPRINT)
Name of publisher, distributor, etc McGraw Hill
260 ## - PUBLICATION, DISTRIBUTION, ETC. (IMPRINT)
Date of publication, distribution, etc 1990
300 ## - PHYSICAL DESCRIPTION
Extent 841
300 ## - PHYSICAL DESCRIPTION
Type of unit Illustration,index,reference,tables & graph
942 ## - ADDED ENTRY ELEMENTS (KOHA)
Item type Book
Holdings
Withdrawn status Lost status Damaged status Not for loan Home library Current library Shelving location Date acquired Total Checkouts Full call number Barcode Date last seen Copy number Price effective from Koha item type
        African Development Bank Library (AfDBL) African Development Bank Library (AfDBL) Computer Center Science Library 07/05/2014   620.1 Sm684 0298 07/05/2014 1 07/05/2014 Book